[Event "3. Torneo Ciudad de Huesca"]
[Site "Huesca ESP"]
[Date "2010.09.26"]
[Round "6.2"]
[White "Lana Rodriguez, David"]
[Black "Bellosta Lopez, Pablo"]
[Result "1/2-1/2"]
[WhiteElo "2230"]
[BlackElo "1943"]
[PlyCount "179"]
[EventDate "2010.09.11"]
[EventType "swiss"]
[EventRounds "6"]
[EventCountry "ESP"]
[Source "lmi"]
[SourceDate "2010.09.11"]

1. e4 c5 2. Nf3 d6 3. Bb5+ Nd7 4. O-O e5 5. c3 Qb6 6. a4 Ngf6 7. Re1 Be7 8. d4
O-O 9. Na3 Qc7 10. Bg5 a6 11. Bxd7 Bxd7 12. dxe5 dxe5 13. Nc4 Rad8 14. Ncxe5
Bf5 15. Qc2 Nxe4 16. Bxe7 Qxe7 17. Rxe4 Kh8 18. Qe2 Bxe4 19. Qxe4 Rfe8 20. Re1
Kg8 21. Qc4 Qc7 22. b4 Re7 23. bxc5 Rde8 24. g3 Rxe5 25. Nxe5 Rxe5 26. Rxe5
Qxe5 27. Qd4 Qe7 28. Kg2 h6 29. Kf3 Qe6 30. h4 Kh8 31. Qd8+ Kh7 32. Qd3+ Kg8
33. Qe4 Qf6+ 34. Ke2 Qc6 35. Qe5 Qxa4 36. Qb8+ Kh7 37. Qxb7 Qc4+ 38. Kd2 Qxc5
39. Qxf7 a5 40. g4 Qb6 41. Kc1 a4 42. g5 hxg5 43. hxg5 a3 44. Qa2 Qc5 45. Qc2+
g6 46. Qd2 Qb5 47. f4 Qf1+ 48. Kc2 Qb5 49. Qc1 Qa4+ 50. Kb1 Qb3+ 51. Ka1 Kg7
52. Qd2 Kf7 53. Qd7+ Kf8 54. Qd6+ Kg7 55. Qf6+ Kh7 56. Qe7+ Kg8 57. Qb4 Qd1+
58. Ka2 Qc1 59. Qb8+ Kf7 60. Qb7+ Ke6 61. Qe4+ Kd7 62. Qd5+ Ke7 63. Qc5+ Ke6
64. Qe5+ Kd7 65. Qg7+ Kd8 66. Qg8+ Kd7 67. Qg7+ Kd8 68. Qd4+ Ke7 69. Qc5+ Ke6
70. Qe5+ Kd7 71. Qg7+ Kd8 72. Qf8+ Kd7 73. Qxa3 Qxf4 74. Qc5 Qa4+ 75. Kb2 Qa6
76. Qd4+ Ke7 77. Qg7+ Ke8 78. Qe5+ Kd7 79. Kb3 Qb6+ 80. Kc4 Qc6+ 81. Kd4 Qa4+
82. c4 Qa1+ 83. Kd5 Qa5+ 84. c5 Qa2+ 85. Kd4 Qb2+ 86. Ke4 Qe2+ 87. Kd5 Qa2+ 88.
Ke4 Qe2+ 89. Kf4 Qh2+ 90. Ke4 1/2-1/2

[Event "3. Torneo Ciudad de Huesca"]
[Site "Huesca ESP"]
[Date "2010.09.26"]
[Round "6.3"]
[White "Romon Poves, Raul"]
[Black "Salamero Pelay, Fernando J"]
[Result "1-0"]
[WhiteElo "2280"]
[BlackElo "2135"]
[PlyCount "53"]
[EventDate "2010.09.11"]
[EventType "swiss"]
[EventRounds "6"]
[EventCountry "ESP"]
[Source "lmi"]
[SourceDate "2010.09.11"]

1. e4 g6 2. d4 Bg7 3. Nf3 d6 4. Nc3 a6 5. Bd3 b5 6. O-O e6 7. e5 Nd7 8. Bg5 Ne7
9. exd6 cxd6 10. Ne4 d5 11. Nd6+ Kf8 12. Qd2 h6 13. Bf4 Nc6 14. c3 g5 15. Bg3
f5 16. Rfe1 Nf6 17. Ne5 Nxe5 18. Bxe5 Ne4 19. Bxe4 fxe4 20. f3 Bxe5 21. dxe5
exf3 22. Rf1 Kg7 23. Rxf3 Qb6+ 24. Kh1 Rf8 25. Raf1 Rxf3 26. Rxf3 Kg8 27. Qd3
1-0

[Event "3. Torneo Ciudad de Huesca"]
[Site "Huesca ESP"]
[Date "2010.09.26"]
[Round "6.4"]
[White "Cerrajeria Ruiz, Jesus Maria"]
[Black "Horton, Justin"]
[Result "1-0"]
[WhiteElo "2161"]
[BlackElo "2103"]
[PlyCount "67"]
[EventDate "2010.09.11"]
[EventType "swiss"]
[EventRounds "6"]
[EventCountry "ESP"]
[Source "lmi"]
[SourceDate "2010.09.11"]

1. g3 d5 2. Bg2 Nf6 3. Nf3 c6 4. O-O Bg4 5. Ne5 Be6 6. d4 Nfd7 7. Nd3 Nf6 8.
Nc3 g6 9. Nc5 Bc8 10. e4 dxe4 11. N3xe4 Bg7 12. Re1 O-O 13. Nxf6+ Bxf6 14. Bh6
Re8 15. Ne4 Bg7 16. Qd2 Bf5 17. c3 Na6 18. Bxg7 Kxg7 19. Qf4 Qb8 20. Qe3 Bxe4
21. Qxe4 e6 22. Re3 Qd6 23. Rae1 Rad8 24. h4 h5 25. g4 hxg4 26. Qxg4 Rh8 27.
Rxe6 Qd7 28. R6e4 Qxg4 29. Rxg4 f5 30. Rg3 Rd7 31. Re6 Rxh4 32. Rexg6+ Kh7 33.
Rf6 c5 34. Bh3 1-0

[Event "3. Torneo Ciudad de Huesca"]
[Site "Huesca ESP"]
[Date "2010.09.26"]
[Round "6.5"]
[White "Gonzalez Gambau, Jorge"]
[Black "Accattato Martin, Mario"]
[Result "1/2-1/2"]
[WhiteElo "2068"]
[BlackElo "2135"]
[PlyCount "92"]
[EventDate "2010.09.11"]
[EventType "swiss"]
[EventRounds "6"]
[EventCountry "ESP"]
[Source "lmi"]
[SourceDate "2010.09.11"]

1. e4 d6 2. d4 Nf6 3. Nc3 e5 4. Nf3 Nbd7 5. Bc4 Be7 6. O-O O-O 7. a4 c6 8. Re1
a5 9. Bg5 Nb6 10. Bb3 Nfd7 11. Be3 Bf6 12. dxe5 Nxe5 13. Nxe5 dxe5 14. Bc5 Re8
15. Qxd8 Bxd8 16. Rad1 Nd7 17. Be3 Be7 18. Bc4 Bb4 19. Rd3 Nc5 20. Bxc5 Bxc5
21. h3 Be6 22. Bxe6 fxe6 23. Kf1 Bd4 24. Ne2 Bc5 25. Red1 b5 26. Rc3 Rad8 27.
Rxd8 Rxd8 28. g3 Bb4 29. Rxc6 bxa4 30. Nc3 a3 31. bxa3 Bxa3 32. Nb5 Bb2 33. Ra6
Rd2 34. Rxa5 Rxc2 35. Nd6 h5 36. Ra8+ Kh7 37. Nb5 Rc4 38. Re8 Rxe4 39. Rxe6 h4
40. g4 Rb4 41. Nd6 Rf4 42. Nf5 Bd4 43. Nxd4 exd4 44. Ke2 Kg8 45. Re5 g6 46. Re7
Kh8 1/2-1/2